| 000 | 00951nam a22002897a 4500 | ||
|---|---|---|---|
| 001 | BR0700560 | ||
| 003 | BR-BrBNA | ||
| 005 | 20230928102333.0 | ||
| 007 | ta | ||
| 008 | 230509b bl.||||| |||| 00| 0 por d | ||
| 040 |
_aBR-BrBNA _bpor _cBiblioteca Nacional de Agricultura |
||
| 041 | _a(Por) | ||
| 072 | _aE14; E40 | ||
| 090 | _ E14 BR0700560 | ||
| 110 | 1 | _aOrganização das Cooperativas Brasileiras, Brasília, DF (Brasil) | |
| 245 | 1 |
_aImplementação de projetos do programa de apoio ao Desenvolvimento sustentável da economia social da Amazônia - PRODESAM; meta 3 _bConvênio MAA/SDR/DENACOOP/OCB nº 128/96 |
|
| 260 | 3 |
_aBrasília, DF (Brasil): _c1996. |
|
| 300 | _avp. | ||
| 650 | _aPROJETO DE DESENVOLVIMENTO | ||
| 650 | _aCOOPERATIVISMO | ||
| 650 | _aDESENVOLVIMENTO SUSTENTÁVEL | ||
| 650 | _aASSOCIATIVISMO | ||
| 650 | _aQUALIDADE DE VIDA | ||
| 650 | _aAMAZÔNIA | ||
| 909 |
_a202309 _bLucia _c55 _dLucia Elande |
||
| 942 | _cBK | ||
| 999 |
_c70251 _d70251 |
||